The economic theory of structure and change
Saved in:
| Other Authors: | , |
|---|---|
| Format: | Book |
| Language: | English |
| Published: |
Cambridge :
Cambridge University Press,
1990
|
| Subjects: | |
| Tags: |
Add Tag
No Tags, Be the first to tag this record!
|
MARC
| LEADER | 00000nam a2200000 i 4500 | ||
|---|---|---|---|
| 001 | 1/69008 | ||
| 008 | 931210s1990 eng d | ||
| 020 | |a 0-521-34516-2 | ||
| 035 | |a ΛΕΣΒΟΣb10002169 |l 10002169 | ||
| 040 | |a GR-MY-UA |b gre |e aacr | ||
| 041 | 0 | |a eng | |
| 082 | 0 | |a 330.1 | |
| 245 | 1 | 4 | |a The economic theory of structure and change / |c Edited by Mauro Baranzini; Roberto Scazzieri |
| 260 | |a Cambridge : |b Cambridge University Press, |c 1990 | ||
| 300 | |a 347 p. |b fig. | ||
| 500 | |a Includes bibliographical references and index | ||
| 650 | 0 | 0 | |a Economics. |
| 700 | 1 | |a Baranzini, Mauro. |4 edt | |
| 700 | 1 | |a Scazzieri, Roberto. |4 edt | |
| 852 | |a INST |b LESVOS |e 19931210 |h 330.1 ECO |p 005100004498 |q 005100004498 |t BK |y 0 | ||
| 909 | |a Λ |b 032768 | ||